Búsqueda de genes de la familia PLT, relacionados a la partenogénesis, en pasto llorón /

Guardado en:
Otros Autores: Suárez, Uriel. (Disertante), Zappacosta, Diego Carlos. (Orientador), Carballo, José. (Orientador)
Formato: Manuscrito
Idioma:Spanish
Publicado: 2023.
Materias:
Etiquetas: Agregar Etiqueta
Sin Etiquetas, Sea el primero en etiquetar este registro!
LEADER 01060ntm a22002415a 4500
001 EUN.eunm009391
008 240911s2023####ag#a#####bm###000#0#spa#d
005 20240912075503.0
245 1 0 |a Búsqueda de genes de la familia PLT, relacionados a la partenogénesis, en pasto llorón /  |c Uriel Suárez ; dirección: Diego Zappacosta y José Carballo. 
260 |c 2023. 
300 |a 39 p. :  |b il. col. ;  |c 30 cm. 
502 |a Tesina (licenciatura)--Universidad Nacional del Sur. Departamento de Biología, Bioquímica y Farmacia, 2023. 
500 |a Directores de tesis: Diego Zappacosta y José Carballo. 
504 |a Bibliografía: p. 27-28. 
100 1 |a Suárez, Uriel.  |4 dis 
700 1 |a Zappacosta, Diego Carlos.  |4 ths 
700 1 |a Carballo, José.  |4 ths 
710 2 |a Universidad Nacional del Sur.  |b Departamento de Biología, Bioquímica y Farmacia  |4 dgg. 
082 0 4 |a 584.9  |2 21 
650 7 |a Genética.  |2 unbist 
650 7 |a Eragrostis curvula.  |2 agrovoc 
650 7 |a Partenogénesis.  |2 agrovoc 
859 |a AR-BaUNS  |b BIB. CENTRAL - Sector A  |h 584.9  |i Su13  |p 128879/024